| 000 | 01120nam a22002537a 4500 | ||
|---|---|---|---|
| 999 |
_c64344 _d64344 |
||
| 005 | 20240530110726.0 | ||
| 008 | 180426b2017 ua f b 000 0dara d | ||
| 017 |
_a2017/4182 _bمصر. دار الكتب |
||
| 020 | _a9789779111704 | ||
| 040 |
_aEG-CaGPL _cEG-CaGPL |
||
| 082 | 0 | 4 |
_221 _a320.011 / _bق/أ إ |
| 100 | 0 | _aاحمد محمد رفعت | |
| 245 | 1 | 0 |
_aاشكاليات التحول الديمقراطى فى منطقة الشرق الاوسط : _bدراسة قانونية وسياسية لاهم التحولات الدستورية والتشريعية فى مصر / _cاحمد محمد رفعت |
| 250 | _aط. 1 | ||
| 260 |
_aالقاهرة : _bالهيئة المصرية العامة للكتاب ، _c2017. |
||
| 300 |
_a530 ص. ؛ _c24 سم. |
||
| 504 | _aيشتمل على ارجاعات ببليوجرافية | ||
| 650 | 0 | 7 |
_2qrmak _aالعلوم السياسية |
| 650 | 0 | 7 |
_2qrmak _aالتغيير السياسى |
| 651 | 0 | 7 |
_2qrmak _aمصر _xالاحوال السياسية |
| 651 | 0 | 7 |
_2qrmak _aمصر _xالدستور |
| 942 |
_2ddc _cBK |
||